| 000 | 00423nam a22001457a 4500 | ||
|---|---|---|---|
| 005 | 20250722100438.0 | ||
| 008 | 250722b |||||||| |||| 00| 0 eng d | ||
| 020 | _a0715202847 | ||
| 050 |
_aBS 2805 _b.3 BAR |
||
| 100 | _aBARCLAY, WILLIAM | ||
| 245 |
_aTHE DAILY STUDY BIBLE _bThe Letters of John and Jude _cWILLIAM BARCLAY |
||
| 260 |
_aEDINBURGH _bTHE SAINT ANDREW PRESS _cc1983 |
||
| 300 | _aix, 207p.; | ||
| 942 |
_2lcc _cBK _n0 |
||
| 999 |
_c7086 _d7086 |
||